| 000 | 00729nam a22002057a 4500 | ||
|---|---|---|---|
| 005 | 20231115145153.0 | ||
| 010 | _aENG-138387 | ||
| 020 |
_c3595.00 _a9789391211745 |
||
| 035 | _aEN-121919 | ||
| 037 | _bDBAD | ||
| 082 |
_a347.5406 _226 |
||
| 100 |
_aVijayaraghavan, N _958714 |
||
| 245 |
_aRatanlal & Dirajlal The Law of Evidence/ _cBy N Vijayaraghavan and Sharath Chandran _hEnglish |
||
| 250 | _a26 | ||
| 260 |
_aGurgaon _bLexis Nexis _c2022 |
||
| 270 |
_a14thn Floor, Building No 10, Tower-B, DLF Cyber City, Phase-II _bHaryana _e122002 _k911244774444 _mhelp.in@lexisnexis.com _l911244774100 |
||
| 300 |
_avp. _c25cm(hbk) |
||
| 700 |
_aChandran, Sharath _eAuthor _958715 |
||
| 942 |
_2ddc _cEN _h347.5406 _mVIJ |
||
| 999 |
_c199094 _d199094 |
||